Maximum accessibility : making your web site more usable for everyone
Αποθηκεύτηκε σε:
| Κύριος συγγραφέας: | |
|---|---|
| Άλλοι συγγραφείς: | |
| Μορφή: | Βιβλίο |
| Γλώσσα: | English |
| Δημοσίευση: |
Boston :
Addison-Wesley,
c2003
|
| Θέματα: | |
| Ετικέτες: |
Προσθήκη ετικέτας
Δεν υπάρχουν, Καταχωρήστε ετικέτα πρώτοι!
|
MARC
| LEADER | 00000nam a2200000 i 4500 | ||
|---|---|---|---|
| 001 | 1/65933 | ||
| 008 | 041116s2003 eng d | ||
| 020 | |a 0-201-77422-4 | ||
| 035 | |l 10075308 | ||
| 040 | |a GR-MY-UA |b gre |e aacr | ||
| 041 | 0 | |a eng | |
| 082 | 0 | |a 005.72 |2 (21) | |
| 100 | 1 | |a Slatin, John M. | |
| 245 | 1 | 0 | |a Maximum accessibility : |b making your web site more usable for everyone / |c John M. Slatin, Sharron Rush |
| 260 | |a Boston : |b Addison-Wesley, |c c2003 | ||
| 300 | |a xliv, 588 σ.; |b εικ.; |c 24 εκ. | ||
| 504 | |a Βιβλιογραφία: σ. 545-556. Ευρετήριο | ||
| 650 | 0 | 0 | |a Web sites |x Design. |
| 650 | 0 | 0 | |a Computers and people with disabilities. |
| 700 | 1 | |a Rush, Sharron. | |
| 852 | |a INST |b SYROS |e 20041116 |h 005.72 SLA |p 005500004179 |q 005500004179 |t BK |y 0 | ||
| 901 | |a BIBL5-2004-3 | ||
| 909 | |a Ε |b 111737 | ||
| 920 | |a ΔΙΕΥΡΥΝΣΗ |b ΕΠΕΑΕΚ-ΤΜΣΠΣ |y ΣΥΡΟΣ |z 2004-10 | ||
| 970 | |a TSOUKALA |b ALIKI |z 2004/11/16 | ||